000 00461nam a22001577a 4500
003 macl
005 20240827150135.0
008 240827b |||||||| |||| 00| 0 eng d
040 _cmacl
082 _a910
100 _aसीतेश, आलोक
_982464
245 _aलिबर्टी के देश में
260 _aदिल्‍ली
_bआर्य बुुक डिपो
_c2010
650 _aयात्रा
942 _2ddc
_cHIN
999 _c66971
_d66971